000 00665nam a2200217 i 4500
001 89872
003 ES-MaACL
005 20240206170155.0
007 t|
008 050114s1968 sp ||||1| spa d
080 _a621.32
100 1 _aLa Toison, M.
_969183
245 1 0 _aManual de alumbrado :
_bPhilips /
_cM. La Toison ; [traducido por Manuel Sagardía Valcarce].
260 _aMadrid :
_bParaninfo,
_c1968.
300 _a180 p. ;
_c22 cm.
650 4 _aLuminotecnia.
_914715
650 7 _aIluminación eléctrica
_2embne
_9235076
700 1 _aSagardía Valcarce, Manuel.
_9101404
852 4 _aES-MaACL
_jC-34093
999 _c89872
_d89872